Harry Potter - Allgemeines Quiz - Statistiken

Allgemein
  • Dieses Quiz wurde 29.617 mal gespielt
    29.605 seit der letzten Aktualisierung
  • Das Durchschnittsergebnis liegt bei 23 aus 30
Antwortstatistiken
Frage Antwort % Korrekt
Welche Schule besucht Harry Potter? Hogwarts
98%
Von welchem Gleis startet der Zug, der zur Schule fährt? 9 3/4
96%
Wer ist Harry Potters engste Freundin? Hermine Granger
95%
Wer ist Harry Potters engster Freund? Ron Weasley
95%
Wer ist der Schulleiter der Schule, die Harry Potter besucht? Albus Dumbledore
93%
Wer ist Harry Potters größter Feind? Lord Voldemort
93%
Wer erzählt Harry Potter, dass er faktisch ein Zauberer ist? Hagrid
91%
Und um welche Art von Tier handelt es sich? Eule
90%
Welcher Lehrer, der von vielen verachtet wird, lehrt Zaubertränke? Severus Snape
90%
Was für eine Art von Kreatur ist Dobby? Hauself
88%
In welchem Land spielen die Bücher? Vereinigtes Königreich
88%
Welches Spiel, bei dem fliegende Besen verwendet werden, wird von Zauberern gespielt? Quidditch
86%
Zu welchem Haus gehört Draco Malfoy? Slytherin
84%
Wie heißt Harrys Haustier? Hedwig
82%
Was ist der Name von Harry Potters Mutter? Lily Potter
82%
Wer hat die Harry-Potter-Reihe geschrieben? J.K. Rowling
81%
Auf welcher Position spielt Harry Potter in diesem Spiel? Sucher
81%
Welches Haus hat die Hausfarbe Blau? Ravenclaw
79%
Von welchem Gefängnis flieht Sirius Black? Askaban
78%
Wer ist George Weasleys Zwilling? Fred
75%
Welche Kreatur aus der Kammer des Schreckens versteinert die Schüler in Harrys zweitem Jahr? Basilisk
71%
Wer stirbt während des Trimagischen Turniers? Cedric Diggory
69%
Wer spukt auf der Mädchentoilette? Maulende Myrte
66%
Wer trägt eigenartigen Schmuck wie Lenkpflaumen als Ohrhänger? Luna Lovegood
65%
Was bewirkt der Zauberspruch "Alohomora"? Entsperrt
64%
Was wird "all das Glück aus dir saugen"? Dementor
63%
Wie heißt Voldemorts Schlange? Nagini
63%
Was sind Tom Riddles Tagebuch und Rowena Ravenclaws Diadem? Horkruxe
62%
Wer ist der schelmische Poltergeist, der in der Schule Chaos anrichtet? Peeves
40%
Welchen Ferienball veranstaltet die Schule? Weihnachtsball
40%
Keine übereinstimmenden Quizze gefunden
Verteilung der Resultate
Anzahl Personen mit jedem Resultat
Perzentil nach korrekt beantworteten Fragen
Ihre Resultats-Entwicklung
Sie haben dieses Quiz seit der letzten Aktualisierung nicht gespielt